[Event "RUS-CHN Summit Men 2nd"]
[Site "Moscow"]
[Date "2004.08.14"]
[Round "4"]
[White "Motylev, Alexander"]
[Black "Wang, Yue"]
[Result "1/2-1/2"]
[WhiteElo "2658"]
[BlackElo "2525"]
[Annotator "Rogozenco,D"]
[PlyCount "83"]
[EventDate "2004.08.10"]
[EventType "schev"]
[EventRounds "6"]
[EventCountry "RUS"]
[SourceTitle "CBM 103"]
[Source "ChessBase"]
[SourceDate "2004.11.11"]
[SourceVersion "1"]
[SourceVersionDate "2004.11.11"]
[SourceQuality "1"]
[WhiteTeam "Russia"]
[BlackTeam "China"]
[WhiteTeamCountry "RUS"]
[BlackTeamCountry "CHN"]

1. e4 c5 2. Nf3 Nc6 3. d4 cxd4 4. Nxd4 Nf6 5. Nc3 e5 6. Ndb5 d6 7. Bg5 a6 8.
Na3 b5 9. Bxf6 gxf6 10. Nd5 f5 11. g3 {Having serious problems finding
anything convincing in the main lines of Sveshnikov Sicilian, White players
are trying to analyze and eventually re-evaluate old lines. The Latvian
Variation is one of them. However, after 10...f5 the move 11.g3 has more
drawbacks than in case of 10...Bg7 11.g3.} fxe4 {Black replies in the most
principled way.} 12. Bg2 Be6 13. Bxe4 Bg7 14. Qh5 Rc8 15. c3 Ne7 16. Rd1 Rc5 {
The main line of the Latvian Variation. Both sides are fighting for square d5
at a very early stage.} 17. Nb4 (17. Qg5 $2 Nxd5 18. Qxg7 Qf6 19. Qxf6 Nxf6 $17
) 17... Qb6 18. Qg5 Kf8 19. Nac2 $5 $146 {This natural move is a novelty.} (19.
Qe3 f5 (19... h5 $5) 20. Bg2 e4 21. Nac2 Kf7 22. Nd4 Bc4 (22... Bxd4 $5 23.
Qxd4 Rd8 $13 {Sax-Shariyazdanov,1999}) 23. b3 a5 24. bxc4 axb4 25. O-O (25.
cxb4 $142 Rxc4 26. Nxf5 Qxe3+ 27. Nxe3 Rxb4 $13) 25... bxc3 $15 {0-1 Feher,
G-Zila,L/Budapest 1990 (40)}) 19... h6 {This looks dubious to me, although
Black got enough counterplay soon.} ({Critical for the evaluation of 19.Nac2 is
} 19... f5 20. Bg2 a5 21. Nd3 Rc7 {In my opinion here Black has very good
chances to overtake the initiative.}) 20. Qd2 ({Deserves attention} 20. Qe3 {
when Black can try to take some advantage of the knight on c2 by sacrificing
an exchange:} a5 $5 (20... f5 21. Bg2 $14) 21. Nd3 Rc6 22. Bxc6 Qxc6 23. f3 b4
{[%csl Rc2][%cal Gc6c2]} 24. O-O bxc3 {but it remains an open question whether
Black has enough compensation.}) 20... d5 ({No time for} 20... a5 {because of}
21. Qxd6 $1 (21. Nd3 $2 Rc8 $17 {[%cal Gd6d5]}) 21... Qxd6 22. Rxd6 {[%cal
Gd6d8]}) 21. Qe3 $1 (21. Bg2 $2 a5 22. Nd3 Rc8 $17) (21. Ne3 d4 $15) 21... Qd6
(21... dxe4 $2 22. Qxc5 $18 {[%cal Gd1d8] the backrank motif is an important
factor in this opening line. Both sides are fighting for their strategical
goals using tactical motifs.}) 22. Nxa6 Rc4 23. Nab4 d4 {White won a pawn, but
Black succeeded to advance his pawn to d4 and thus create counterplay. He
would have had good compensation if the rook wouldn't have been stuck on h8.
With that rook out of play Whit is the side fighting for advantage.} 24. Qe2 (
24. cxd4 Rxb4 25. dxe5 Rxe4 $1 26. Qxe4 $13) 24... Bh3 25. Qh5 {White has
plenty of other options. Although everywhere Black has some compensation,
White's position look quite solid.} (25. g4 $5 {[%csl Rh3][%cal Ge2f3]} h5 (
25... Qe6 26. Ne3 $1) 26. g5 f5 27. gxf6 Bxf6 $13) (25. Na3 $5 Rc8 (25... Rxb4
$5 26. cxb4 Qxb4+ 27. Qd2 Qa4 $44) 26. Nxb5 Qb6 $44) 25... Qe6 26. Ne3 (26. f3
$5 {[%cal Gg3g4]}) 26... Bf6 (26... Rc8 27. g4 dxe3 28. Qxh3 exf2+ 29. Kxf2 h5
$1) (26... Kg8 $5 {is an interesting way to solve the acute backrank problem.
The idea after} 27. Nxc4 $2 {is} (27. g4 $2 dxe3 $19) (27. Bg2 $142 Bxg2 28.
Nxg2 Kh7 $15) 27... Bg4 28. Qh4 Bf6 {catching the queen.}) 27. Bg2 $6 (27. Nxc4
$2 Bg4) (27. f3 $1 Rc8 28. Ned5 {[%cal Gg3g4]} Bf5 29. cxd4 exd4 30. O-O $16)
27... Bxg2 28. Nxg2 Kg7 {Finally Black arranged the king. Moreover, White
cannot keep his extra pawn.} 29. O-O dxc3 $11 30. bxc3 Rxc3 31. Ne3 Bg5 32.
Ned5 Nxd5 33. Rxd5 (33. Nxd5 Rc5 34. Nb4 Rhc8 $15) 33... e4 $5 {Sacrificing a
pawn once again.} (33... Rb8 34. Rfd1 Rb6 $14 {/=}) 34. Rxb5 Rf3 {Amazing idea,
trying to keep the queen out of play on h5.} (34... Rhc8 $44) 35. Re1 Re8 (
35... Rc8 $5) 36. h4 ({The only way to fight for advantage was} 36. Qxf3 exf3
37. Rxe6 {For instance:} Rxe6 (37... fxe6 38. h4 Bf6 39. Nd3 Rd8 (39... Ra8 40.
Ne1 Ra3 41. Rb3 $16) 40. Rb3 e5 41. Nc5 $16) 38. h4 Re1+ 39. Kh2 Be7 40. Nd5
$16) 36... Qh3 $1 $11 {[%cal Gf3g3]} 37. Rxg5+ (37. Nc2 Rxg3+ 38. fxg3 Qxg3+
39. Kf1 Qh3+ 40. Kg1 $11) 37... hxg5 38. Qxg5+ Kh7 39. Qh5+ Kg7 40. Qg5+ Kh7
41. Qh5+ Kg7 42. Qg5+ 1/2-1/2

[Event "UKR-ch 73rd"]
[Site "Kharkov"]
[Date "2004.08.27"]
[Round "2.3"]
[White "Goloshchapov, Alexander"]
[Black "Kuzubov, Yuriy"]
[Result "1-0"]
[WhiteElo "2577"]
[BlackElo "2467"]
[Annotator "Rogozenco,D"]
[PlyCount "117"]
[EventDate "2004.08.03"]
[EventType "k.o."]
[EventRounds "5"]
[EventCountry "UKR"]
[SourceTitle "CBM 103"]
[Source "ChessBase"]
[SourceDate "2004.11.11"]
[SourceVersion "1"]
[SourceVersionDate "2004.11.11"]
[SourceQuality "1"]

1. e4 c5 2. Nf3 Nc6 3. d4 cxd4 4. Nxd4 Nf6 5. Nc3 e5 6. Ndb5 d6 7. Bg5 a6 8.
Na3 b5 9. Bxf6 gxf6 10. Nd5 f5 11. c3 Bg7 12. Bd3 Ne7 13. Nxe7 Qxe7 14. O-O O-O
15. Nc2 Bb7 16. Qh5 $2 ({The real move order might have been} 16. exf5 {
(the best move in the position)} d5 (16... Qg5) 17. Qh5 Qf6 $6 (17... e4) 18.
Ne3 e4 {although here Black's moves look also a bit strange, particularly 17...
Qf6. I must add that the present game was played with the following rapid time
control: 15 minutes for the entire game each, plus 10 seconds increment per
move.}) 16... Qf6 $2 {Something definitely is strange around here.} (16... fxe4
$19) 17. exf5 d5 18. Ne3 $16 e4 19. Ng4 Qd6 20. Bc2 ({After} 20. f6 Bxf6 21.
Nh6+ Kh8 (21... Kg7 22. Nf5+ $18) 22. Nxf7+ Rxf7 23. Qxf7 Bc6 24. Be2 {Black
keeps only some practical chances to complicate matters.}) 20... Kh8 21. Rad1
Qe7 22. Bb3 $16 Rad8 23. f6 Bxf6 24. Bxd5 Bxd5 25. Rxd5 Rxd5 26. Qxd5 Rd8 27.
Qc6 Rd6 28. Qa8+ Kg7 29. Ne3 Qe6 30. Re1 Bg5 31. Nf1 f5 32. g4 f4 33. Qxe4
Qxg4+ 34. Kh1 Qd7 35. Qg2 Rg6 36. Qf3 Qf5 37. Ng3 Qf7 38. Ne4 Be7 39. b3 Re6
40. Rg1+ Rg6 41. Rg4 {Finally White consolidated and has an easy technical win.
} Rxg4 42. Qxg4+ Kh6 43. Kg2 Qd5 44. Qxf4+ Kg7 45. f3 a5 46. Qc7 Kf7 47. Qxa5
Qd3 48. Qa7 Qc2+ 49. Qf2 Qb1 50. Qd2 Ke8 51. c4 bxc4 52. bxc4 Qb6 53. a4 Qa6
54. Qc2 Qg6+ 55. Kh1 Bc5 56. Qb1 Ba7 57. Qb5+ Kf8 58. Qg5 Qe8 59. Qh6+ 1-0

[Event "UKR-ch 73rd"]
[Site "Kharkov"]
[Date "2004.08.27"]
[Round "2.2"]
[White "Goloshchapov, Alexander"]
[Black "Kuzubov, Yuriy"]
[Result "1/2-1/2"]
[WhiteElo "2577"]
[BlackElo "2467"]
[Annotator "Rogozenco,D"]
[PlyCount "82"]
[EventDate "2004.08.03"]
[EventType "k.o."]
[EventRounds "5"]
[EventCountry "UKR"]
[SourceTitle "CBM 103"]
[Source "ChessBase"]
[SourceDate "2004.11.11"]
[SourceVersion "1"]
[SourceVersionDate "2004.11.11"]
[SourceQuality "1"]

1. e4 c5 2. Nf3 Nc6 3. d4 cxd4 4. Nxd4 Nf6 5. Nc3 e5 6. Ndb5 d6 7. Bg5 a6 8.
Na3 b5 9. Bxf6 gxf6 10. Nd5 f5 11. c3 Bg7 12. Bd3 Ne7 (12... Be6) 13. Nxe7 Qxe7
14. O-O O-O 15. Nc2 Bb7 {The practice proved that this natural move does not
reach full equality. The main move is 15...Rb8 . Kasparov was successful with
15...f4, which prepares a kinsiude attack and leads to complicated strategical
battle. These both continuations are in my opinion better than the text.} (
15... Rb8 $142) (15... f4 $142) 16. exf5 Qg5 (16... d5 17. a4 $16 (17. Qh5))
17. Ne3 d5 18. f4 {The best continuation, discovered in 1992. However, Black's
position still contains some potential for activity and therefore White must
continue to play accurately even after this.} ({Black immediately reaches
comfortable play after} 18. Qg4 Qxg4 19. Nxg4 h5 20. Ne3 e4 21. Be2 b4 {
1/2-1/2 Sion Castro,M-Guimaraes,J/Mondariz 1995 (31)}) (18. a4 bxa4 $6 (18...
b4 $142) 19. Rxa4 d4 $6 20. cxd4 exd4 21. f4 $16 {1-0 Klovans,J-Villing,D/
Saint Vincent 2002 (33)}) 18... exf4 (18... Qh6 19. f6 $1 $16) 19. Qg4 Bf6 {
Neutralizing the standard advance f5-f6. After other moves Black is fighting
for a draw.} (19... Qxg4 20. Nxg4 h5 (20... f6 21. Rxf4 $14 {1/2-1/2 Topalov,
V-Spasov,V/Budapest 1993 (30)}) 21. f6 hxg4 22. fxg7 $14) (19... h6 20. Qxf4
Rfe8 21. Ng4 Qxf4 22. Rxf4 h5 23. f6 $14 {1-0 Vuckovic,B-Jeremic,V/Subotica
2000 (29)}) 20. Rxf4 $6 {I believe Black is doing more than fine after this.} (
{Critical is} 20. Qxf4 d4 (20... Qxf4 21. Rxf4 Bg5 $1 22. Rg4 $18) 21. cxd4
Qxf4 22. Rxf4 Rfd8 23. Nc2 Rac8 {Black has great pieces, but two pawns are two
pawns... And for the moment White protects everything very well.}) ({Also
interesting is the positional plan} 20. Qxg5+ $5 Bxg5 21. Nc2 {I would rather
be White here.}) 20... Kh8 21. Nc2 $1 {The correct strategical plan to
transfer the knight to d4.} (21. Raf1 Rg8 (21... d4 22. cxd4 Rg8 $44) (21...
Rad8 22. Nc2 Qh6 $13) 22. Qh3 d4 23. cxd4 Rad8 $44) (21. Qxg5 $6 Bxg5 22. Rf3
$2 d4 $19) 21... Qh6 $1 22. Nd4 {A good positional exchange sacrifice. White
realised that his task now is to hold the position.} (22. Rf3 Rg8 23. Qf4 Qxf4
24. Rxf4 d4 25. Be4 Bxe4 26. Rxe4 dxc3 27. bxc3 Bxc3 28. Rd1 Rae8 29. Rxe8 Rxe8
30. Kf2 Re4 $15 {1/2-1/2 Upton,T-Stamenkov,V/Panormo 2001 (69)}) (22. Rf2 $2 d4
$1 (22... Rg8 23. Qf3 $1) 23. cxd4 {White must control square e5 in order to
avoid an immediate disaster} (23. Nxd4 Rg8 24. Qe2 Rae8 25. Qc2 Be5 $19) 23...
Rg8 24. Qd1 (24. Qe2 Rae8 25. Qf1 Be7 $19) 24... Be7 $1 {Black's attack is
extremely strong.}) 22... Rg8 23. Qf3 Be5 24. Rf1 Rae8 25. a3 Bxf4 (25... Qg5
26. g3) 26. Qxf4 Qf6 27. g3 h5 $15 {The passivity of his light-squared bishop
is a serious problem for Black. White's powerful knight on d4 secures good
compensation for the sacrificed exchange.} 28. h3 (28. Kh1 Rg4 29. Qf3 Qg5 30.
f6 $13) 28... Rxg3+ {Looks very attractive. Black can hardly hope to get more
than this. However, in the end it turns out that White holds easily.} 29. Qxg3
Rg8 30. Rf3 h4 31. Qxg8+ Kxg8 32. Kf2 {White's pieces protect each other and
there is nothing Black can do to break through.} Qg5 33. Re3 Qf4+ (33... Kf8
34. Bc2 $11) 34. Ke2 Qh2+ 35. Kd1 Kg7 ({The apparently logical continuation} 
35... Qxb2 {enables White to get a big activity:} 36. f6 Kf8 37. Bf5 Qf2 38.
Re7 Bc6 39. Ra7 $132) 36. Be2 $11 Qg1+ 37. Kd2 Qb1 38. b4 Qb2+ 39. Kd3 Qb1+ (
39... Qxa3 $6 40. Re7 $132) (39... Kf6 40. Re8 {[%csl Rb7] and Black will have
to give checks anyway.}) 40. Kd2 Qb2+ 41. Kd3 Qb1+ 1/2-1/2

[Event "Olympiad-33"]
[Site "Elista"]
[Date "1998.09.30"]
[Round "2.2"]
[White "Onischuk, Alexander"]
[Black "Ye, Jiangchuan"]
[Result "0-1"]
[WhiteElo "2630"]
[BlackElo "2510"]
[Annotator "Rogozenco,D"]
[PlyCount "130"]
[EventDate "1998.09.29"]
[EventType "team-swiss"]
[EventRounds "13"]
[EventCountry "RUS"]
[SourceTitle "CBM 068"]
[Source "ChessBase"]
[SourceDate "1999.02.01"]
[SourceVersion "1"]
[SourceVersionDate "1999.02.01"]
[SourceQuality "1"]
[WhiteTeam "Ukraine"]
[BlackTeam "China"]
[WhiteTeamCountry "UKR"]
[BlackTeamCountry "CHN"]

1. e4 c5 2. Nf3 Nc6 3. d4 cxd4 4. Nxd4 Nf6 5. Nc3 e5 6. Ndb5 d6 7. Bg5 a6 8.
Na3 b5 9. Nd5 Be7 10. Bxf6 Bxf6 11. c3 O-O 12. Nc2 Bg5 {Current practice shows
that Black has a normal game after this move.} (12... Rb8 {Defending against
a2-a4, but allowding another pawn move on the other side.} 13. h4 Be7 $5 {
This relatively new idea looks very interesting. Black doesn´t want to spoil
his pawn structure and prepares after Be6, Qd7, Bd8-b6 a new diagonal for the
Bishop.}) 13. a4 bxa4 14. Rxa4 a5 15. Bc4 Rb8 16. b3 Kh8 17. O-O f5 18. exf5
Bxf5 19. Nce3 Bg6 (19... Be6) 20. Be2 (20. Qe2 e4 21. Qa2 Rb7 22. b4 axb4 23.
cxb4 Ne5 $132 {Kozirev-Filppov/Omsk 1996}) 20... Bf7 21. Re4 $146 {A strange
novelty. It is not easy to understand the idea behind this move.} (21. Nc4 e4
22. Kh1 Bg8 23. Ra3 Ne7 24. Nce3 Nxd5 25. Nxd5 Rf5 26. c4 Bxd5 27. cxd5 Qb6 $15
{Leko,P-Gelfand,B/Polanica Zdroj 1998}) 21... Ne7 22. Bf3 Be6 (22... Bg6 $6 23.
Rc4) 23. Bg4 Bg8 (23... Bxe3 $6 24. Bxe6 $14) 24. c4 (24. b4 $6 Bxe3 25. Nxe3
axb4 26. cxb4 Nc6 $17) 24... Nc6 25. Nf5 g6 26. Ng3 {As a result of the
previous play White´s position became quite unconfortable. All Black´s pieces
are well placed.} Nd4 27. Rxd4 {If this was the idea of White´s 21st move,
then it´s not a sound one. White will have some compensation for the exchange,
but I would prefer Black´s side.} (27. f4 Bh6 28. fxe5 dxe5 29. Rxe5 Nxb3 $17)
27... exd4 28. Ne4 (28. Qxd4+ Bf6 29. Nxf6 Qxf6 30. Qd3 Rb6 $17) 28... Bh6 29.
Qxd4+ Bg7 30. Qd3 Rb7 $5 {The beginning of an interesting idea - to fight for
d5 square with the rook from e5.} 31. Re1 {White´s problem is the weak pawn on
b3 and Black´s Bishop pair.} Re8 {With a positional treat, which White didn´t
discover.} 32. g3 $2 {Now White loses control over d5 square and find himself
in a lost position.} (32. Re3 $1 $15 Bxd5 33. Qxd5) 32... Bxd5 33. Qxd5 (33.
cxd5 Rb4 $17) 33... Rbe7 (33... Rxb3 $2 34. c5 $132) 34. Bf3 Re5 $1 35. Qd3 d5
36. Rd1 Qe7 37. Nd2 Re1+ 38. Kg2 Rxd1 39. Bxd1 dxc4 40. Nxc4 Rd8 $19 {There
are still technical difficulties, but on the long run White is lost due to his
weak pawn on b3, weak black squares and no coordination of the pieces.} 41. Qc2
Qb4 42. Bf3 Qc3 43. Qe2 Rf8 44. Qe3 Bd4 45. Qxc3 Bxc3 46. Be4 Rb8 47. Bc2 Rd8
48. Kf3 Re8 49. Be4 Be1 50. Bd5 Rf8+ 51. Ke2 Bxf2 52. Nxa5 Bg1 53. Nc6 (53. h3
Rf5) 53... Bxh2 54. g4 Kg7 55. b4 Bg1 56. b5 Kf6 57. Bf3 Bc5 58. Kd3 Ke6 59.
Bd1 Kd6 60. Be2 Bb6 61. Kc4 Re8 62. Bf3 Re3 63. Bd1 Re1 64. Bf3 Rc1+ 65. Kd3
Rc5 0-1

[Event "EU-chT (Men) 11th"]
[Site "Pula"]
[Date "1997.05.??"]
[Round "7.1"]
[White "Kotronias, Vasilios"]
[Black "Krasenkow, Michal"]
[Result "1/2-1/2"]
[WhiteElo "2590"]
[BlackElo "2615"]
[Annotator "Rogozenco,D"]
[PlyCount "44"]
[EventDate "1997.05.05"]
[EventType "team-swiss"]
[EventRounds "9"]
[EventCountry "CRO"]
[SourceTitle "CBM 057 Extra"]
[Source "ChessBase"]
[SourceDate "1997.05.01"]
[SourceVersion "1"]
[SourceVersionDate "1997.05.01"]
[SourceQuality "1"]
[WhiteTeam "Greece"]
[BlackTeam "Poland"]
[WhiteTeamCountry "GRE"]
[BlackTeamCountry "POL"]

1. e4 {Krasenkow} c5 2. Nf3 Nc6 3. d4 cxd4 4. Nxd4 Nf6 5. Nc3 e5 6. Ndb5 d6 7.
Bg5 a6 8. Na3 b5 9. Bxf6 gxf6 10. Nd5 f5 11. Bd3 Be6 12. O-O Bxd5 13. exd5 Ne7
14. c3 Qd7 (14... Bg7) 15. Qh5 {I believe after this move Black`s position is
okay. White should try to play quick on the queenside: 15.Nc2 /\16.a4 dfQ} Rg8
16. Kh1 (16. Rae1 Rg6 17. f4 e4 $11 {Gross - Rogozenko/Berlin 1996}) (16. Rad1
Rg6 17. Bb1 Bg7 18. Nc2 f4 $1 $132 {Hoffman M.-Rogozenko/Germany 1996}) 16...
Rg6 17. Rad1 Bg7 18. Bb1 (18. f4 Rh6 $11) 18... Kf8 (18... Rh6 {Krasenkow} 19.
Qg5 Rg6 20. Qd2 {/\21.f4}) 19. f4 (19. Nc2 f4 $1 $132) 19... Rh6 20. Qg5 (20.
Qe2 $2 exf4 $17 {/\Be5}) 20... Rg6 21. Qh5 (21. Qh4 {Krasenkow} Rh6 22. Qf2 (
22. Qg3 Ng6) 22... Ng6 23. fxe5 Bxe5 24. g3 f4 $1 25. Bxg6 fxg3 26. Qxf7+ Qxf7
27. Bxf7 Rxh2+ 28. Kg1 Rxb2 $44) 21... Rh6 22. Qg5 (22. Qf3 $5 {Krasenkow} Ng6
$140 23. fxe5 Bxe5 24. g3 f4 25. Bxg6 hxg6 (25... fxg3 $2 26. Bh5) 26. gxf4 Bg7
27. Nc2 $14) 22... Rg6 1/2-1/2

[Event "Sarajevo Bosnia 34th"]
[Site "Sarajevo"]
[Date "2004.05.27"]
[Round "9"]
[White "Short, Nigel D"]
[Black "Shirov, Alexei"]
[Result "1/2-1/2"]
[WhiteElo "2712"]
[BlackElo "2713"]
[Annotator "Rogozenco,D"]
[PlyCount "70"]
[EventDate "2004.05.18"]
[EventType "tourn"]
[EventRounds "9"]
[EventCountry "BIH"]
[EventCategory "15"]
[SourceTitle "CBM 101"]
[Source "ChessBase"]
[SourceDate "2004.07.27"]
[SourceVersion "1"]
[SourceVersionDate "2004.07.27"]
[SourceQuality "1"]

1. e4 {Ftacnik} c5 2. Nf3 Nc6 3. d4 cxd4 4. Nxd4 Nf6 5. Nc3 e5 6. Ndb5 d6 7.
Bg5 a6 8. Na3 b5 9. Bxf6 gxf6 10. Nd5 f5 11. Bd3 Be6 12. O-O Bxd5 13. exd5 Ne7
14. Qh5 e4 15. Be2 Bg7 16. c3 O-O 17. Nc2 Rc8 {Shirov must have liked this
plan for Black, since half an year previous to this game he faced it himself
on the White side against Grischuk.} (17... f4 {is the main, more aggressive
variation. However, the plan with 17...Rc8 introduced by young Ukrainian GMs
Eljanov and then Moiseenko looks like a good alternative.}) (17... Re8 {
is the move preferred by Van Wely in this position.}) 18. Ne3 ({Shirov with
White played} 18. Rad1 {and achieved better chances, but Black's play can be
improved:} Rc5 (18... Qd7 19. Kh1 a5 20. a3 Rc5 21. f3 Nxd5 22. fxe4 Nf6 23.
Qh3 fxe4 24. Qxd7 Nxd7 25. Rxd6 Ne5 $11 {1/2-1/2 Sadvakasov,D-Moiseenko,A/
Kharkov 2003 (35)}) 19. Ne3 f4 (19... Qd7 $5) 20. Nf5 Ng6 21. Rfe1 Re8 22. f3
e3 23. Bd3 Re5 24. Be4 Ne7 25. Qg5 $14 {1/2-1/2 Shirov,A-Grischuk,A/Cap d'Agde
(rapid) 2003 (47)}) 18... f4 19. Nf5 Re8 {By not playing ...Ng6 yet, Black is
keeping White under pressure, who must consider and be prepared for both ...
Nxf5 and ...Ng6.} (19... Ng6 $5 $13 {0-1 Sadvakasov,D-Eljanov,P/Kharkov 2003 
(36)}) 20. Bg4 (20. a4 $5 Ng6 $5 (20... Nxf5 21. Qxf5 f3 22. gxf3 Re5 23. Qh3
exf3 24. Qxf3 $1 $14 {[%cal Gg1h1]} (24. Bxf3 Rc4 $44))) (20. Nxg7 $6 {Taking
on g7 is a dangerous decision. The superiority of Black's knight over White's
bishop was proved in several important games.} Kxg7 {[%cal Ge7g6] Black's
chances are probably preferable here.}) 20... Rc5 ({If Black would badly want
to avoid a draw, he could consider a positional exchange sacrifice:} 20... Ng6
21. Nxg7 (21. Nh6+ Bxh6 22. Bxc8 Qxc8 23. Qxh6 f3 $5 $44) 21... Kxg7 22. Bxc8
Qxc8 $44) 21. Nxe7+ {After the trade of knights Black can hardly create
counterplay. On the other hand White's slightly better chances are not enough
to get any substantial advantage, that's why Short's decision to take on e7 is
practically accepting a draw.} (21. Rad1 Nxf5 22. Bxf5 h6 23. Rfe1 Rc4 $14 {/=}
) (21. Rfe1 Ng6 $5 (21... Nxd5 $2 {Ftacnik} 22. b4 $1 Rxc3 23. Nxg7 Nf6 24. Qg5
h6 25. Qxh6 Nxg4 26. Qxf4 $16) 22. Bd1 {Ftacnik} Qa8 23. Bc2 Qxd5 24. Nxg7 Kxg7
25. Qxd5 Rxd5 26. Rxe4 Ree5 $11) 21... Qxe7 22. Rae1 Qe5 $14 {'?' Ftacnik. /=
Ftacnik: 'The defender is very restless and it will cause him lot of troubles.
The modest 22...h6 was most likely enough for the equality. '} (22... h6 {
Ftacnik} 23. Bf5 e3 24. fxe3 fxe3 25. Rf3 Qg5 26. Qxg5 hxg5 27. Rfxe3 Rxe3 28.
Rxe3 Rxd5 $11) 23. Bf5 {'!' Ftacnik.} Qxd5 24. Rxe4 {'?!' Ftacnik.} (24. Qxh7+
$5 {Ftacnik} Kf8 25. Bxe4 Qe6 (25... Qe5 26. Re2 Qh5 27. Qxh5 Rxh5 28. Rfe1 $16
) 26. f3 d5 27. Bd3 Qxe1 28. Rxe1 Rxe1+ 29. Kf2 Re6 30. Qh4 Be5 31. Qd8+ $16)
24... Rxe4 25. Qxh7+ Kf8 26. Bxe4 Qxa2 27. Qh4 Be5 28. g3 Qe6 (28... Qxb2 $4
29. gxf4 Bxc3 30. Qd8+ Kg7 31. Kh1 $18) 29. Bf3 (29. gxf4 Bxc3 30. bxc3 (30.
Qd8+ Kg7) 30... Qxe4) 29... fxg3 30. fxg3 {White opened f-file, hoping for
attack, but soon the draw becomes obvious.} Bf6 31. Qh6+ Kg8 32. Kg2 b4 $1 33.
Bb7 Rf5 34. Rxf5 Qxf5 35. cxb4 Qc2+ 1/2-1/2